Upper Carboniferous Brachiopods from North China,

Saved in:
Bibliographic Details
Main Author: Ozaki, Kin-emon
Format: Book
Language:English
Published: Shanghai, Shanghai science institute, 1931.
Series:Bulletin of the Shanghai science inst. v.1, no.6
Subjects:
Tags: Add Tag
No Tags, Be the first to tag this record!
LEADER 01009cam a2200253I 4500
001 005299102-4
005 20020606095253.2
008 731221s1931 xx 000 0 eng u
035 0 |a ocm00766251 
040 |c DRB  |d EEM  |d OCL  |d HMZ 
050 4 |a QE796  |b .O98 
100 1 |a Ozaki, Kin-emon 
245 1 0 |a Upper Carboniferous Brachiopods from North China,  |c by Kin-emon Ozaki. 
260 |a Shanghai,  |b Shanghai science institute,  |c 1931. 
300 |a 205p.  |b illus., XV plates.  |c 26cm. 
490 1 |a Bulletin of the Shanghai science inst.  |v v.1, no.6 
500 |a Each plate accompanied by guard-sheet and explanatory page. 
504 |a Bibliography: p. 196-202. 
650 0 |a Brachiopoda, Fossil. 
650 0 |a Paleontology  |y Carboniferous. 
776 0 8 |i Online version:  |a Ozaki, Kinʼemon.  |t Upper Carboniferous Brachiopods from North China.  |d Shanghai, Shanghai Science Institute, 1931  |w (OCoLC)906656613 
810 2 |a Shang-hai tzu jan kʻo hsüeh yen chiu so.  |t Bulletin ;  |v v.1, no.6. 
988 |a 20020608 
906 |0 MH